000 00748nam a2200229 a 4500
008 951211s1974||||[C 0 cze c
040 _aSNK
_bslo
_cSNK
_eAACR2
041 1 _aslo
_hslo
044 _axo
_cSK
080 _a17.025
100 1 _4aut
_aLenin, V.I.
245 1 0 _aProletárska revolúcia a renegát kautsky
_cJiřina Popelová ; Ondrej Filo, Karol Rosmány
250 _a1., vyd.
260 _aBratislava
_bPravda
_c1974
_eŽilina
_fPravda
300 _a127 s., 5,86 AH
_c20 cm
490 0 _aFilozofické aktuality
500 _aLit. 45. Rozlož. tit. list. 45 zázn. lit. o knihách, čl. a zb. v jaz. slov., čes., rus., nem. a angl.
700 1 _aFilo, Ondrej
_4trl
700 1 _aRosmány, Karol
_4bkd
958 _aA
020 _c4
999 _c15563
_d15563